000 00293nam a22001337a 4500
008 180105b xxu||||| |||| 00| 0 eng d
020 _a0716632381
041 _aeng
080 _a371
100 _a46
101 _aEDU
245 _aWorld Book of World Power
_cGrygel, J.A
942 _2udc
_cBK
999 _c39806
_d39806